[Event "Junior Online 4NCL Division 3"]
[Site "online"]
[Date "2021.02.04"]
[Round "2.17"]
[White "Salguero, Santiago"]
[Black "Milani-Foglia, Aurelio"]
[Result "0-1"]
[WhiteElo "927"]
[BlackElo "1281"]
[PlyCount "50"]
[EventDate "2021.02.04"]
[WhiteTeam "Surrey Kings 2"]
[BlackTeam "Edgware Gambits C"]

1. e4 e6 2. d4 d5 3. e5 c5 4. Nf3 Nc6 5. Bg5 f6 6. exf6 Nxf6 7. Bb5 a6 8. Ba4
b5 9. Bb3 c4 10. Bxc4 bxc4 11. b3 Be7 12. O-O O-O 13. Ne5 Nxe5 14. dxe5 Ne4 15.
f3 Nxg5 16. Re1 cxb3 17. axb3 a5 18. b4 Qb6+ 19. Kh1 Qxb4 20. h4 Qxh4+ 21. Kg1
Nf7 22. Nc3 Ba6 23. Na4 Bb5 24. Nb6 Bc5+ 25. Re3 Bxe3# 0-1

[Event "Junior Online 4NCL Division 3"]
[Site "online"]
[Date "2021.02.04"]
[Round "2.18"]
[White "Zhou, Richard"]
[Black "Flanders, William"]
[Result "1-0"]
[WhiteElo "1300"]
[BlackElo "907"]
[PlyCount "43"]
[EventDate "2021.02.04"]
[WhiteTeam "Edgware Gambits C"]
[BlackTeam "Surrey Kings 2"]

1. d4 d5 2. c4 dxc4 3. e3 b5 4. a4 a6 5. axb5 axb5 6. Rxa8 Qd6 7. Rxb8 Qb4+ 8.
Nc3 e6 9. Rxb5 Qd6 10. Bxc4 Ba6 11. Rb8+ Ke7 12. Bxa6 Qxa6 13. Bd2 Qa7 14. Rb3
Nf6 15. Nf3 Ng4 16. h3 Nxf2 17. Kxf2 g6 18. Rf1 Bh6 19. Nb5 Qa2 20. Nxc7 Bxe3+
21. Bxe3 Rc8 22. Nb5 1-0

[Event "Junior Online 4NCL Division 3"]
[Site "online"]
[Date "2021.02.04"]
[Round "2.21"]
[White "McBrinn, Conall"]
[Black "Suyash Srikanta Prasad"]
[Result "0-1"]
[WhiteElo "1683"]
[BlackElo "1735"]
[PlyCount "68"]
[EventDate "2021.02.04"]
[WhiteTeam "JHJ Shark Tank 1"]
[BlackTeam "Maidenhead Juniors 1"]

1. d4 d5 2. c4 e6 3. Nc3 c5 4. cxd5 exd5 5. Nf3 Nf6 6. Bg5 Be6 7. e3 Nc6 8. Bb5
a6 9. Be2 h6 10. Bh4 Be7 11. O-O O-O 12. Bxf6 Bxf6 13. dxc5 Bxc3 14. bxc3 Qa5
15. Qc2 Qxc5 16. Rab1 b5 17. Rfc1 Rac8 18. Bd3 Na5 19. Nd4 Nc4 20. Bxc4 dxc4
21. Nxe6 fxe6 22. Qe4 Qf5 23. Qb7 Qxf2+ 24. Kh1 Qxe3 25. Qxa6 Ra8 26. Qc6 Rxa2
27. Qxb5 Rxg2 28. Rf1 Rxf1+ 29. Rxf1 Qe2 30. Qb8+ Kh7 31. Qf4 Rxh2+ 32. Qxh2
Qxf1+ 33. Qg1 Qxg1+ 34. Kxg1 g5 0-1

[Event "Junior Online 4NCL Division 3"]
[Site "online"]
[Date "2021.02.04"]
[Round "2.22"]
[White "Muppidi, Anirudh"]
[Black "Ward, Cian"]
[Result "1/2-1/2"]
[WhiteElo "1621"]
[BlackElo "1651"]
[PlyCount "189"]
[EventDate "2021.02.04"]
[WhiteTeam "Maidenhead Juniors 1"]
[BlackTeam "JHJ Shark Tank 1"]

1. e4 e5 2. Nf3 Nc6 3. Bc4 Bc5 4. d3 Nf6 5. Nc3 d6 6. Bg5 Be6 7. Nd5 Bxd5 8.
Bxd5 h6 9. Bh4 g5 10. Bxc6+ bxc6 11. Bg3 Rb8 12. b3 Bb4+ 13. Nd2 Qd7 14. O-O
Bxd2 15. Qxd2 Qe6 16. Rfe1 Nd7 17. Qc3 h5 18. f3 h4 19. Bf2 g4 20. d4 gxf3 21.
Qxf3 h3 22. g3 Qf6 23. Qxf6 Nxf6 24. dxe5 dxe5 25. Rad1 Rd8 26. Rxd8+ Kxd8 27.
Bxa7 Ke7 28. Bc5+ Ke6 29. Kf2 Ng4+ 30. Kg1 Ra8 31. a4 Rg8 32. a5 Nf6 33. b4 Nd7
34. a6 Nxc5 35. bxc5 Ra8 36. Ra1 f5 37. exf5+ Kxf5 38. Kf2 Ke4 39. Ke2 Kd4 40.
Ra4+ Kxc5 41. Ke3 Kd5 42. Ra5+ Ke6 43. Ke4 Kf6 44. a7 Ke6 45. Rxe5+ Kf6 46. Ra5
Ke6 47. Ra6 Kd7 48. c4 Kd6 49. Kd4 Kd7 50. c5 Ke7 51. Ke5 Kf7 52. Kf5 Ke7 53.
g4 Kf7 54. g5 Kg7 55. g6 Rf8+ 56. Kg5 Ra8 57. Ra1 Kf8 58. Rf1+ Kg8 59. Ra1 Kf8
60. Ra3 Kg8 61. Ra4 Kf8 62. Kh6 Kg8 63. Ra3 Kf8 64. g7+ Kg8 65. Rf3 Re8 66. Rf6
Ra8 67. Rg6 Rxa7 68. Rxc6 Ra2 69. Rf6 Ra8 70. Kg6 Re8 71. Rf5 Ra8 72. Rh5 Ra6+
73. Kg5 Kxg7 74. Rxh3 Ra5 75. Rc3 Ra2 76. h4 Ra5 77. h5 c6 78. h6+ Kh7 79. Rc4
Ra2 80. Kf5 Kxh6 81. Ke6 Rd2 82. Ke5 Rd5+ 83. Ke4 Kg6 84. Rc1 Kf6 85. Rf1+ Ke6
86. Rc1 Re5+ 87. Kd4 Rd5+ 88. Kc4 Kd7 89. Kb4 Kc7 90. Rc4 Rd1 91. Rc3 Rb1+ 92.
Kc4 Rd1 93. Kb4 Rd4+ 94. Ka5 Rd1 95. Kb4 1/2-1/2

[Event "Junior Online 4NCL Division 3"]
[Site "online"]
[Date "2021.02.04"]
[Round "2.23"]
[White "Yu, William"]
[Black "Koppuravuri, Shrihan"]
[Result "0-1"]
[WhiteElo "1587"]
[BlackElo "1552"]
[PlyCount "30"]
[EventDate "2021.02.04"]
[WhiteTeam "JHJ Shark Tank 1"]
[BlackTeam "Maidenhead Juniors 1"]

1. d4 d5 2. Bf4 Nf6 3. e3 Bf5 4. Bd3 Bg6 5. Nf3 Nbd7 6. c3 e6 7. Qe2 Bd6 8. Bg3
Qe7 9. Nbd2 e5 10. dxe5 Nxe5 11. O-O-O Bxd3 12. Qe1 O-O-O 13. Nxe5 Bxe5 14. Nf3
Bxg3 15. hxg3 Be4 0-1

[Event "Junior Online 4NCL Division 3"]
[Site "online"]
[Date "2021.02.04"]
[Round "2.24"]
[White "Rajeev-Lazar, Seyon"]
[Black "Duke, Dillan"]
[Result "1/2-1/2"]
[WhiteElo "1498"]
[BlackElo "1558"]
[PlyCount "153"]
[EventDate "2021.02.04"]
[WhiteTeam "Maidenhead Juniors 1"]
[BlackTeam "JHJ Shark Tank 1"]

1. g3 Nf6 2. Bg2 d5 3. c4 e6 4. cxd5 exd5 5. d4 c6 6. Nc3 Bd6 7. Nf3 O-O 8. O-O
Bf5 9. e3 h6 10. Qe2 Re8 11. b3 Nbd7 12. Bb2 Qe7 13. a4 a5 14. Nb1 Nb8 15. Ba3
Na6 16. Bxd6 Qxd6 17. Ne1 Nb4 18. Nc3 Bg6 19. Na2 Re7 20. Nxb4 Qxb4 21. Qb2 Ne4
22. Nd3 Qd2 23. Bxe4 Qxb2 24. Nxb2 Bxe4 25. f3 Bc2 26. Ra3 Rxe3 27. Rc1 Rxb3
28. Rxb3 Bxb3 29. Rc3 Ba2 30. Ra3 Bb1 31. Ra1 Bg6 32. Re1 Kf8 33. f4 Re8 34.
Rxe8+ Kxe8 35. Kf2 Be4 36. Ke3 f5 37. Nd3 Bxd3 38. Kxd3 Ke7 39. Kc3 Kd6 40. h4
h5 41. Kd3 g6 42. Kc3 b5 43. Kb3 b4 44. Kc2 c5 45. Kd3 c4+ 46. Kc2 Ke6 47. Kb2
Kf6 48. Kc2 Ke6 49. Kb2 Kd7 50. Kc2 Kc8 51. Kb2 Kb8 52. Kc2 Ka7 53. Kb2 Ka8 54.
Kc2 Kb7 55. Kb2 Kc8 56. Kc2 Kd8 57. Kb2 Ke8 58. Kc2 Kf8 59. Kb2 Kg8 60. Kc2 Kh8
61. Kb2 Kh7 62. Kc2 c3 63. Kb3 Kg7 64. Kc2 g5 65. hxg5 Kg6 66. Kb3 Kf7 67. Kc2
Ke7 68. Kb3 Kd7 69. Kc2 Ke6 70. Kb3 Kf7 71. Kc2 Kg6 72. Kb3 h4 73. gxh4 Kh5 74.
Kc2 Kg6 75. Kb3 Kh5 76. Kc2 Kg6 77. Kb3 1/2-1/2

[Event "Junior Online 4NCL Division 3"]
[Site "online"]
[Date "2021.02.04"]
[Round "2.25"]
[White "Suyash Srikanta Prasad"]
[Black "McBrinn, Conall"]
[Result "1-0"]
[WhiteElo "1735"]
[BlackElo "1683"]
[PlyCount "73"]
[EventDate "2021.02.04"]
[WhiteTeam "Maidenhead Juniors 1"]
[BlackTeam "JHJ Shark Tank 1"]

1. e4 c5 2. Nc3 d6 3. Bb5+ Bd7 4. Bxd7+ Nxd7 5. f4 Ngf6 6. Nf3 e6 7. d3 d5 8.
O-O d4 9. Ne2 g6 10. Qe1 Bg7 11. Qh4 Qb6 12. Kh1 O-O-O 13. c3 dxc3 14. bxc3 c4
15. e5 cxd3 16. Ng3 Nd5 17. Ne4 Kb8 18. Nd4 Nxc3 19. Nxe6 Qxe6 20. Nxc3 Qc4 21.
Bd2 Nc5 22. Rfc1 Qd4 23. Qe1 a6 24. Rab1 Rhe8 25. a3 f6 26. Rb4 Qd7 27. Qf2 Qe7
28. Nb5 axb5 29. Rxc5 fxe5 30. Rcxb5 exf4 31. Bxf4+ Be5 32. Bxe5+ Qxe5 33. Rxe5
Rxe5 34. Qf4 Rde8 35. Rb5 d2 36. Rxe5 d1=Q+ 37. Re1+ 1-0

[Event "Junior Online 4NCL Division 3"]
[Site "online"]
[Date "2021.02.04"]
[Round "2.26"]
[White "Ward, Cian"]
[Black "Muppidi, Anirudh"]
[Result "0-1"]
[WhiteElo "1651"]
[BlackElo "1621"]
[PlyCount "124"]
[EventDate "2021.02.04"]
[WhiteTeam "JHJ Shark Tank 1"]
[BlackTeam "Maidenhead Juniors 1"]

1. e4 e5 2. Nf3 Nc6 3. d4 exd4 4. Nxd4 Bc5 5. Be3 Qf6 6. Nb5 Bxe3 7. fxe3 Qh4+
8. g3 Qxe4 9. Nxc7+ Kd8 10. Nxa8 Qxh1 11. Qd6 Nf6 12. Nd2 Qxh2 13. O-O-O Qf2
14. e4 Qe3 15. Qc7+ Ke7 16. Bd3 Qg5 17. Kb1 Qe5 18. Qxe5+ Nxe5 19. Nc7 Nxd3 20.
cxd3 a6 21. Na8 d5 22. Nb6 dxe4 23. dxe4 Rd8 24. Kc1 Bg4 25. Rf1 Rd6 26. Nbc4
Rc6 27. Kb1 Be2 28. Rc1 Bd3+ 29. Ka1 b5 30. e5 Nd7 31. Rc3 Bxc4 32. b3 Bd5 33.
Rd3 Be6 34. Kb2 Nxe5 35. Re3 Ng6 36. Nf3 h6 37. Nd4 Rc5 38. a3 Kd7 39. Nc2 Bf5
40. Nb4 a5 41. Nd3 Bxd3 42. Rxd3+ Ke6 43. Re3+ Re5 44. Rc3 Kd6 45. Rd3+ Rd5 46.
Rf3 f6 47. Re3 Ne5 48. b4 Nc4+ 49. Kb3 Nxe3 50. bxa5 Kc6 51. a6 Kb6 52. a7 Kxa7
53. Kb4 Kb6 54. g4 Nxg4 55. a4 f5 56. axb5 f4 57. Kc3 f3 58. Kb3 f2 59. Kc3
f1=Q 60. Kb3 Qb1+ 61. Ka3 Rxb5 62. Ka4 Qa2# 0-1

[Event "Junior Online 4NCL Division 3"]
[Site "online"]
[Date "2021.02.04"]
[Round "2.27"]
[White "Koppuravuri, Shrihan"]
[Black "Yu, William"]
[Result "1-0"]
[WhiteElo "1552"]
[BlackElo "1587"]
[PlyCount "49"]
[EventDate "2021.02.04"]
[WhiteTeam "Maidenhead Juniors 1"]
[BlackTeam "JHJ Shark Tank 1"]

1. e4 e6 2. d4 d5 3. e5 c5 4. c3 Nc6 5. Nf3 Bd7 6. Be3 Qb6 7. Qd2 a6 8. Be2
cxd4 9. cxd4 Bb4 10. Nc3 Nge7 11. O-O Nf5 12. a3 Bxc3 13. bxc3 Na5 14. Rab1 Qa7
15. c4 Nxc4 16. Bxc4 dxc4 17. Qb4 Rb8 18. Nd2 Nxe3 19. fxe3 Rc8 20. Nxc4 Bb5
21. Nd6+ Kd7 22. Rxf7+ Kc6 23. Rc1+ Kd5 24. Nxc8 Rxc8 25. Rxc8 1-0

[Event "Junior Online 4NCL Division 3"]
[Site "online"]
[Date "2021.02.04"]
[Round "2.28"]
[White "Duke, Dillan"]
[Black "Rajeev-Lazar, Seyon"]
[Result "1-0"]
[WhiteElo "1558"]
[BlackElo "1498"]
[PlyCount "99"]
[EventDate "2021.02.04"]
[WhiteTeam "JHJ Shark Tank 1"]
[BlackTeam "Maidenhead Juniors 1"]

1. e4 e6 2. d4 d5 3. Nc3 Bb4 4. e5 Ne7 5. a3 Bxc3+ 6. bxc3 c5 7. f4 c4 8. Qg4
Nf5 9. Bd2 a6 10. Qh5 g6 11. Qf3 Nh4 12. Qf2 Nf5 13. Nf3 Bd7 14. Be2 Ba4 15.
Bd1 Nc6 16. O-O Qd7 17. Rb1 Ke7 18. g4 Ng7 19. Qh4+ Ke8 20. Qf6 Rg8 21. Ng5 h6
22. Nh7 Qe7 23. Qxe7+ Kxe7 24. Rxb7+ Kd8 25. Nf6 Rf8 26. h3 Kc8 27. Rb2 Rb8 28.
Rxb8+ Kxb8 29. Nd7+ Kc7 30. Nxf8 Kd8 31. Nh7 Ke7 32. Nf6 Ne8 33. Nxe8 Kxe8 34.
f5 g5 35. fxe6 fxe6 36. Rf6 Ke7 37. Rxh6 Na5 38. Bxg5+ Kf7 39. h4 Nb3 40. cxb3
Bxb3 41. Bxb3 cxb3 42. Rh7+ Kg8 43. Rb7 b2 44. Rxb2 a5 45. Rb7 a4 46. h5 Kf8
47. h6 Kg8 48. Bf6 Kf8 49. h7 Ke8 50. h8=Q# 1-0

[Event "Junior Online 4NCL Division 3"]
[Site "online"]
[Date "2021.02.04"]
[Round "2.31"]
[White "Jessop, Osian"]
[Black "Tokar, Kyrylo"]
[Result "0-1"]
[WhiteElo "1284"]
[BlackElo "1479"]
[PlyCount "68"]
[EventDate "2021.02.04"]
[WhiteTeam "Border Bandits 2"]
[BlackTeam "Barnet Knights B"]

1. e4 c5 2. d4 e6 3. dxc5 Bxc5 4. Nc3 Nc6 5. Nf3 d5 6. exd5 exd5 7. Qxd5 Qe7+
8. Be2 Nf6 9. Qg5 Bg4 10. Qxg7 Rg8 11. Qh6 Bxf3 12. gxf3 Nd4 13. Rb1 Nxf3+ 14.
Kd1 Rd8+ 15. Bd3 Qe5 16. Bf4 Qe6 17. Bg5 Rxg5 18. Kc1 Bf8 19. Bb5+ Rxb5 20. Qf4
Rf5 21. Qa4+ Qc6 22. Qxa7 Nd2 23. Qe3+ Be7 24. Re1 Qd7 25. Rd1 Rd5 26. Nxd5
Qxd5 27. Re1 Nfe4 28. Rg1 Kf8 29. Qh6+ Ke8 30. Rg8+ Kd7 31. Qh3+ Kc7 32. Rxd8
Qxd8 33. Qg4 Nb3+ 34. cxb3 Qd2# 0-1

[Event "Junior Online 4NCL Division 3"]
[Site "online"]
[Date "2021.02.04"]
[Round "2.32"]
[White "Belur, Ankita"]
[Black "Watkins, Gabby"]
[Result "0-1"]
[WhiteElo "1457"]
[BlackElo "1087"]
[PlyCount "84"]
[EventDate "2021.02.04"]
[WhiteTeam "Barnet Knights B"]
[BlackTeam "Border Bandits 2"]

1. c4 Nf6 2. Nc3 e6 3. Nf3 Bb4 4. Qc2 O-O 5. a3 Bc5 6. b4 Be7 7. g3 d5 8. cxd5
exd5 9. e3 Bg4 10. Bg2 Qd7 11. Ne5 Qe6 12. Nxg4 Qxg4 13. Nxd5 Nxd5 14. Bxd5 Bf6
15. Rb1 Qd7 16. Bxb7 Nc6 17. Bxc6 Qe7 18. Bxa8 Rxa8 19. Bb2 Bxb2 20. Qxb2 h6
21. Qd4 Qe6 22. Rc1 Qe7 23. Qe4 Qxe4 24. Ke2 Qe7 25. Rc3 Rc8 26. Rc6 Qe4 27.
Rhc1 Qg2 28. Ra6 Qxh2 29. Rxa7 Qh5+ 30. Kd3 Qf5+ 31. Ke2 Qg4+ 32. Kd3 Qf3 33.
Rc4 Qxf2 34. Ra5 Qxg3 35. Rd5 Qg6+ 36. Ke2 h5 37. Rd7 Qh6 38. Rf4 h4 39. Kf3 h3
40. Kg3 h2 41. Rh4 Qg5+ 42. Kh3 h1=Q# 0-1

[Event "Junior Online 4NCL Division 3"]
[Site "online"]
[Date "2021.02.04"]
[Round "2.33"]
[White "Fennell, Owyn"]
[Black "Rupf, Oscar"]
[Result "0-1"]
[WhiteElo "963"]
[BlackElo "1419"]
[PlyCount "66"]
[EventDate "2021.02.04"]
[WhiteTeam "Border Bandits 2"]
[BlackTeam "Barnet Knights B"]

1. d4 e6 2. Nc3 d5 3. e3 Bb4 4. Bb5+ c6 5. Ba4 Qb6 6. Bd2 Qa5 7. Bb3 c5 8. dxc5
Bxc3 9. bxc3 Qxc5 10. Nf3 Nc6 11. O-O Nf6 12. Ng5 h6 13. Nh3 Bd7 14. Qf3 O-O
15. Nf4 e5 16. Nxd5 Nxd5 17. Bxd5 Rfe8 18. Qxf7+ Kh8 19. c4 Rad8 20. Bc3 b6 21.
Bxe5 Nxe5 22. Rad1 Nxf7 23. Rd4 Ng5 24. f4 Ne6 25. Re4 Nf8 26. f5 Rxe4 27. Bxe4
Qxe3+ 28. Kh1 Qxe4 29. c5 Bxf5 30. c6 Rc8 31. Rc1 Qe3 32. Rd1 Qe2 33. Rd6 Qf1#
0-1

[Event "Junior Online 4NCL Division 3"]
[Site "online"]
[Date "2021.02.04"]
[Round "2.34"]
[White "Ford, Conor"]
[Black "Siddall, George"]
[Result "1-0"]
[WhiteElo "1381"]
[BlackElo "708"]
[PlyCount "115"]
[EventDate "2021.02.04"]
[WhiteTeam "Barnet Knights B"]
[BlackTeam "Border Bandits 2"]

1. d4 d5 2. e3 Nc6 3. Bd3 Nf6 4. Nd2 g6 5. f4 Bg7 6. c3 O-O 7. Ngf3 Bg4 8. O-O
Bxf3 9. Rxf3 Qd7 10. Qe1 e6 11. b3 Rad8 12. Bb2 Ne4 13. Bxe4 dxe4 14. Nxe4 f5
15. Nf2 b5 16. Rd1 a5 17. Nd3 a4 18. Ne5 Nxe5 19. fxe5 Qe7 20. e4 fxe4 21. Qxe4
axb3 22. axb3 Qg5 23. Bc1 Qh5 24. Rdf1 Rxf3 25. Rxf3 Rf8 26. Rxf8+ Bxf8 27. Qe1
Be7 28. Be3 Bh4 29. Qd2 Kg7 30. h3 Qf5 31. Qe2 Qb1+ 32. Qf1 Qxb3 33. Qf4 Qxc3
34. Bd2 Qa1+ 35. Kh2 Be7 36. Qh6+ Kf7 37. Qxh7+ Ke8 38. Qxg6+ Kd7 39. Qd3 b4
40. Bxb4 Bxb4 41. Qb5+ c6 42. Qxb4 Qa2 43. Qd6+ Ke8 44. Qxc6+ Kd8 45. Qd6+ Ke8
46. Qb8+ Kf7 47. Qc7+ Ke8 48. Qc6+ Kf7 49. Qd7+ Kf8 50. Qd8+ Kf7 51. Qh4 Kg6
52. Qg4+ Kf7 53. h4 Kf8 54. h5 Kf7 55. h6 Kf8 56. h7 Kf7 57. h8=Q Ke7 58. Qgg7#
1-0

[Event "Junior Online 4NCL Division 3"]
[Site "online"]
[Date "2021.02.04"]
[Round "2.35"]
[White "Tokar, Kyrylo"]
[Black "Jessop, Osian"]
[Result "0-1"]
[WhiteElo "1479"]
[BlackElo "1284"]
[PlyCount "96"]
[EventDate "2021.02.04"]
[WhiteTeam "Barnet Knights B"]
[BlackTeam "Border Bandits 2"]

1. e4 e5 2. Nf3 Nc6 3. Bc4 Bc5 4. d3 d6 5. Bg5 Nf6 6. h3 h6 7. Be3 Bxe3 8. fxe3
a6 9. Nc3 b5 10. Bd5 Nxd5 11. Nxd5 Ne7 12. Nxe7 Qxe7 13. O-O g5 14. Nh2 h5 15.
Qf3 g4 16. hxg4 hxg4 17. Nxg4 Bxg4 18. Qxg4 f6 19. Qg6+ Kd7 20. Rxf6 Raf8 21.
Rxf8 Qxf8 22. Rf1 Qh6 23. Qxh6 Rxh6 24. Rf7+ Kc6 25. Kf2 Rh1 26. Kf3 Rf1+ 27.
Kg4 Rxf7 28. Kh4 Rf2 29. g4 Rxc2 30. g5 Rxb2 31. Kh3 Rf2 32. Kh4 Rxa2 33. Kg3
Ra1 34. Kg2 Ra2+ 35. Kg3 Kd7 36. g6 Ke7 37. g7 Kf7 38. g8=Q+ Kxg8 39. Kf3 b4
40. d4 b3 41. dxe5 dxe5 42. Kg4 b2 43. Kf5 b1=Q 44. Kxe5 Ra5+ 45. Kf4 Qf1+ 46.
Kg3 Rg5+ 47. Kh4 Rg7 48. e5 Qh1# 0-1

[Event "Junior Online 4NCL Division 3"]
[Site "online"]
[Date "2021.02.04"]
[Round "2.36"]
[White "Watkins, Gabby"]
[Black "Belur, Ankita"]
[Result "0-1"]
[WhiteElo "1087"]
[BlackElo "1457"]
[PlyCount "100"]
[EventDate "2021.02.04"]
[WhiteTeam "Border Bandits 2"]
[BlackTeam "Barnet Knights B"]

1. c4 d6 2. Nc3 Nf6 3. g3 g6 4. Bg2 Bg7 5. e3 c6 6. d4 O-O 7. Nge2 Nbd7 8. O-O
Rb8 9. b3 a6 10. Bb2 b5 11. Bxc6 bxc4 12. Rb1 cxb3 13. axb3 Qc7 14. Bg2 Bb7 15.
Qc2 Bxg2 16. Kxg2 Qb7+ 17. Kg1 Qxb3 18. Qxb3 Rxb3 19. Rfc1 Rfb8 20. Ba3 Ne4 21.
Bb2 Rxb2 22. Rxb2 Rxb2 23. Nxe4 Rxe2 24. Rc8+ Bf8 25. Nc3 Rc2 26. Kf1 Nf6 27.
Ke1 Ne4 28. Kd1 Rxc3 29. Rxc3 Nxc3+ 30. Kd2 Ne4+ 31. Kd3 Nxf2+ 32. Ke2 Ng4 33.
Kf3 Nxh2+ 34. Kg2 Ng4 35. Kf3 Nh6 36. e4 Kg7 37. d5 Kf6 38. Kf4 g5+ 39. Kf3 Ke5
40. Ke3 Ng4+ 41. Kf3 Bg7 42. Kxg4 a5 43. Kxg5 a4 44. Kh4 a3 45. g4 a2 46. g5
a1=Q 47. g6 Qh1+ 48. Kg5 Qg2+ 49. Kh5 Qf3+ 50. Kh4 Bf6# 0-1

[Event "Junior Online 4NCL Division 3"]
[Site "online"]
[Date "2021.02.04"]
[Round "2.37"]
[White "Rupf, Oscar"]
[Black "Fennell, Owyn"]
[Result "1-0"]
[WhiteElo "1419"]
[BlackElo "963"]
[PlyCount "37"]
[EventDate "2021.02.04"]
[WhiteTeam "Barnet Knights B"]
[BlackTeam "Border Bandits 2"]

1. e4 e5 2. Nf3 Nc6 3. d4 Nf6 4. dxe5 Nxe4 5. Bd3 Nc5 6. Bg5 Be7 7. Bxe7 Qxe7
8. O-O Nxe5 9. Nxe5 Qxe5 10. Re1 Qxe1+ 11. Qxe1+ Kf8 12. Qb4 b6 13. Nc3 Ke8 14.
Re1+ Kf8 15. Na4 d6 16. Nxc5 bxc5 17. Qe4 Be6 18. Qxa8+ Bc8 19. Qxc8# 1-0

[Event "Junior Online 4NCL Division 3"]
[Site "online"]
[Date "2021.02.04"]
[Round "2.38"]
[White "Siddall, George"]
[Black "Ford, Conor"]
[Result "0-1"]
[WhiteElo "708"]
[BlackElo "1381"]
[PlyCount "54"]
[EventDate "2021.02.04"]
[WhiteTeam "Border Bandits 2"]
[BlackTeam "Barnet Knights B"]

1. e4 e5 2. Nf3 Nc6 3. Nc3 Nf6 4. Bc4 Be7 5. O-O O-O 6. d4 exd4 7. Nxd4 Nxd4 8.
Qxd4 d6 9. h3 Be6 10. Bxe6 fxe6 11. Re1 e5 12. Qd3 Qe8 13. Nd5 Nxd5 14. Qxd5+
Kh8 15. Qxb7 Qf7 16. Qxc7 Qxf2+ 17. Kh2 Qxe1 18. Qxe7 Qf2 19. Qxd6 Rad8 20.
Qxe5 Rde8 21. Qg5 Qd4 22. Qg4 Rxe4 23. Qg3 Re7 24. Qg5 Ref7 25. Rb1 Rf1 26. b3
Qd6+ 27. g3 R8f2# 0-1

[Event "Junior Online 4NCL Division 3"]
[Site "online"]
[Date "2021.02.04"]
[Round "2.41"]
[White "Cepoi, Gesneria-Codruta"]
[Black "Bhattacharjee, Aaditya"]
[Result "1-0"]
[WhiteElo "1051"]
[BlackElo "250"]
[PlyCount "83"]
[EventDate "2021.02.04"]
[WhiteTeam "Uxbridge Girls"]
[BlackTeam "East Kilbride Rooks"]

1. e4 e5 2. Nf3 Nc6 3. Bc4 Bc5 4. c3 Nf6 5. d4 exd4 6. cxd4 Bb6 7. e5 Ng8 8.
Nfd2 Bxd4 9. Nb3 Bxe5 10. Qe2 Nf6 11. f4 d5 12. Bb5 Bg4 13. Qxe5+ Kf8 14. Bxc6
bxc6 15. O-O Nd7 16. Qd4 Be6 17. f5 c5 18. Nxc5 Nxc5 19. Qxc5+ Qe7 20. Qd4 Bd7
21. Bd2 c5 22. Qxd5 Rd8 23. Re1 Qf6 24. Qxc5+ Kg8 25. Bc3 Qb6 26. Qxb6 axb6 27.
Bd4 Rb8 28. Re7 Bxf5 29. Nc3 Kf8 30. Rc7 Rg8 31. Nd5 b5 32. Re1 Be6 33. Nb6 Rh8
34. Rxe6 fxe6 35. Nd7+ Ke8 36. Nxb8 Kd8 37. Rxg7 Rf8 38. Bc5 Rf5 39. Ba3 Rh5
40. Nc6+ Kc8 41. Bd6 Rd5 42. Rc7# 1-0

[Event "Junior Online 4NCL Division 3"]
[Site "online"]
[Date "2021.02.04"]
[Round "2.42"]
[White "Israni, Ishita"]
[Black "Knight, Zoe B"]
[Result "0-1"]
[WhiteElo "302"]
[BlackElo "993"]
[PlyCount "74"]
[EventDate "2021.02.04"]
[WhiteTeam "East Kilbride Rooks"]
[BlackTeam "Uxbridge Girls"]

1. e4 d5 2. exd5 Nf6 3. Nc3 Bg4 4. Nf3 Nxd5 5. Nxd5 Qxd5 6. h3 Bh5 7. d3 e6 8.
Be2 Be7 9. O-O c5 10. c4 Qd8 11. Ne5 Bxe2 12. Qxe2 O-O 13. Qg4 Bf6 14. Nf3 Qxd3
15. Bg5 Bxg5 16. Qxg5 Qxc4 17. Ne5 Qb5 18. Rad1 f6 19. Qg4 fxe5 20. Qxe6+ Kh8
21. Qxe5 Nd7 22. Qg5 Nf6 23. Rde1 Rae8 24. Re5 Rxe5 25. Qxe5 Re8 26. Qc7 Qxb2
27. Qxc5 a6 28. a4 b5 29. axb5 axb5 30. Rd1 Re2 31. Qf8+ Ng8 32. Rd7 Re1+ 33.
Kh2 Qe5+ 34. g3 Re2 35. h4 Qf6 36. Rf7 Rxf2+ 37. Kh3 Qxf7 0-1

[Event "Junior Online 4NCL Division 3"]
[Site "online"]
[Date "2021.02.04"]
[Round "2.43"]
[White "Vijayakumar, Mrinali"]
[Black "Biswas, Snigdha"]
[Result "1-0"]
[WhiteElo "700"]
[BlackElo "295"]
[PlyCount "55"]
[EventDate "2021.02.04"]
[WhiteTeam "Uxbridge Girls"]
[BlackTeam "East Kilbride Rooks"]

1. e4 e5 2. Nf3 Nc6 3. Nc3 Nf6 4. Bc4 Bc5 5. O-O O-O 6. d3 d6 7. Bg5 Bg4 8.
Bxf6 Qxf6 9. d4 Bxf3 10. Qd3 Bxg2 11. Kxg2 Bxd4 12. Nd5 Qg6+ 13. Kf3 Bxb2 14.
Rab1 Bd4 15. c3 Bb6 16. Bb5 Ne7 17. Nxe7+ Kh8 18. Nxg6+ hxg6 19. h4 f5 20. exf5
gxf5 21. h5 f4 22. h6 gxh6 23. Rh1 Kg7 24. Rbg1+ Kf7 25. Qg6+ Ke7 26. Rxh6 Rg8
27. Qh7+ Kd8 28. Rxg8# 1-0

[Event "Junior Online 4NCL Division 3"]
[Site "online"]
[Date "2021.02.04"]
[Round "2.46"]
[White "Knight, Zoe B"]
[Black "Israni, Ishita"]
[Result "1-0"]
[WhiteElo "993"]
[BlackElo "302"]
[PlyCount "35"]
[EventDate "2021.02.04"]
[WhiteTeam "Uxbridge Girls"]
[BlackTeam "East Kilbride Rooks"]

1. e4 e5 2. Nf3 Nc6 3. Nc3 Bc5 4. Be2 d6 5. O-O Nf6 6. Bc4 O-O 7. d3 Bg4 8. Bg5
Nd4 9. Nd5 Nxf3+ 10. gxf3 Bh3 11. Re1 h6 12. Nxf6+ Kh8 13. Bh4 gxf6 14. Kh1 Rg8
15. Rg1 Qd7 16. Qd2 Rxg1+ 17. Rxg1 Rg8 18. Qxh6# 1-0

[Event "Junior Online 4NCL Division 3"]
[Site "online"]
[Date "2021.02.04"]
[Round "2.47"]
[White "Biswas, Snigdha"]
[Black "Vijayakumar, Mrinali"]
[Result "1/2-1/2"]
[WhiteElo "295"]
[BlackElo "700"]
[PlyCount "108"]
[EventDate "2021.02.04"]
[WhiteTeam "East Kilbride Rooks"]
[BlackTeam "Uxbridge Girls"]

1. e4 e5 2. Nf3 Nc6 3. Nc3 Nf6 4. Bc4 Bc5 5. d3 O-O 6. Be3 Bxe3 7. fxe3 d6 8.
h4 Ng4 9. Qe2 b5 10. Bd5 Bb7 11. Nxb5 Rb8 12. Bxc6 Bxc6 13. Nxa7 Ba4 14. b3 Bd7
15. d4 Rb7 16. Qa6 Rb6 17. Qa3 Nxe3 18. dxe5 Nxc2+ 19. Kf1 Nxa3 20. h5 Bb5+ 21.
Nxb5 Nxb5 22. h6 gxh6 23. Rh3 dxe5 24. Nxe5 Qf6+ 25. Nf3 Qxa1+ 26. Kf2 Qxa2+
27. Kg3 Qxb3 28. Rxh6 Kg7 29. Rh4 Rg6+ 30. Kh3 Qe6+ 31. Kh2 Qe5+ 32. Nxe5 Rg5
33. Nf3 Rc5 34. Rg4+ Kf6 35. Rf4+ Rf5 36. Rxf5+ Ke6 37. Rxb5 Kd6 38. Ng5 c5 39.
Nxh7 Rh8 40. Rb6+ Kc7 41. Ra6 Rxh7+ 42. Kg3 Rg7+ 43. Kf3 c4 44. e5 c3 45. Ra3
c2 46. Rc3+ Kd7 47. Rxc2 Ke6 48. Re2 f5 49. exf6+ Kxf6 50. Rf2 Ke5 51. g4 Rf7+
52. Kg3 Rxf2 53. Kxf2 Kf4 54. Ke2 Kxg4 1/2-1/2

[Event "Junior Online 4NCL Division 3"]
[Site "online"]
[Date "2021.02.04"]
[Round "2.51"]
[White "Vyas, Alisha"]
[Black "Vijayakumar, Rishi"]
[Result "1-0"]
[WhiteElo "1738"]
[BlackElo "1002"]
[PlyCount "103"]
[EventDate "2021.02.04"]
[WhiteTeam "Barnet Knights A"]
[BlackTeam "Dundee City"]

1. e4 e6 2. d4 d5 3. Nd2 c5 4. c3 Nf6 5. Bd3 Nc6 6. Ne2 cxd4 7. cxd4 Bb4 8. e5
Nd7 9. a3 Be7 10. O-O f6 11. Nf4 Nb6 12. Qh5+ Kd7 13. Nxe6 g6 14. Qg4 f5 15.
Nxd8 fxg4 16. Nxc6 bxc6 17. Nb3 Bb7 18. Nc5+ Bxc5 19. dxc5 Nc8 20. Be2 h5 21.
Bd3 Rg8 22. Re1 Ke6 23. b4 a6 24. Bg5 Na7 25. a4 Nc8 26. b5 axb5 27. axb5 Ne7
28. Rxa8 Bxa8 29. Bxe7 Kxe7 30. b6 Bb7 31. Ra1 g5 32. Ra7 Rb8 33. Bg6 h4 34.
Bf5 g3 35. fxg3 hxg3 36. h3 Kf8 37. Kf1 Kg7 38. Ke2 Kh6 39. Bg4 Kg6 40. Kf3
Rf8+ 41. Kxg3 Rf7 42. h4 gxh4+ 43. Kxh4 Rh7+ 44. Kg3 Rf7 45. Kh4 Rh7+ 46. Kg3
Rf7 47. Be6 Rg7 48. Kf4 Kh7 49. g4 Kg6 50. Bf5+ Kh6 51. g5+ Kh5 52. Ra3 1-0

[Event "Junior Online 4NCL Division 3"]
[Site "online"]
[Date "2021.02.04"]
[Round "2.52"]
[White "Kanodia, Ramit"]
[Black "Angelopoulos, Andreas"]
[Result "1-0"]
[WhiteElo "900"]
[BlackElo "1639"]
[PlyCount "45"]
[EventDate "2021.02.04"]
[WhiteTeam "Dundee City"]
[BlackTeam "Barnet Knights A"]

1. e4 c5 2. Nf3 Nc6 3. Nc3 d6 4. d4 cxd4 5. Nxd4 g6 6. Nxc6 bxc6 7. Bc4 Bg7 8.
O-O Nf6 9. e5 dxe5 10. Qxd8+ Kxd8 11. Re1 e6 12. Be3 Nd5 13. Rad1 Ke8 14. Bc5
Bb7 15. Ne4 Bf8 16. Bd6 Bc8 17. Bxe5 f6 18. Nxf6+ Nxf6 19. Bxf6 Rg8 20. Rd8+
Kf7 21. Rxc8 Rxc8 22. Rxe6 Bh6 23. Rxc6+ 1-0